| 000 | 00888nam a2200253Ia 4500 | ||
|---|---|---|---|
| 003 | OSt | ||
| 005 | 20220923211431.0 | ||
| 006 | a|||||r|||| 00| 0 | ||
| 007 | ta | ||
| 008 | 220922b |||||||| |||| 00| 0 hin d | ||
| 020 |
_a9789350001127 (hbk) _c495 |
||
| 024 | _a246,172 | ||
| 037 |
_b374, 17/02/2011, Vani Prakashan _cTextual |
||
| 040 |
_aARTS _cARTS _bhin |
||
| 041 |
_2hin _ahin |
||
| 082 | _aNW44vN32, 152Q0 | ||
| 100 |
_aअमरीश पुरी; नीरू, अनु. _9160467 |
||
| 245 | 0 | _aजीवन का रंगमंच | |
| 246 | _aJīvan kā rangahincha | ||
| 260 |
_aनयी दिल्ली _b वाणी प्रकाशन _c2010 |
||
| 300 |
_a327पृ. _ccm. |
||
| 942 |
_hNW44vN32, 152Q0 _cTEXL _2CC |
||
| 999 |
_c299449 _d299449 |
||